Applied GIS and spatial analysis / (Record no. 186385)
[ view plain ]
| 000 -LEADER | |
|---|---|
| fixed length control field | 01042 a2200241 4500 |
| 003 - CONTROL NUMBER IDENTIFIER | |
| control field | Nust |
| 005 - DATE AND TIME OF LATEST TRANSACTION | |
| control field | 20230126133734.0 |
| 010 ## - LIBRARY OF CONGRESS CONTROL NUMBER | |
| LC control number | 2003049478 |
| 020 ## - INTERNATIONAL STANDARD BOOK NUMBER | |
| International Standard Book Number | 0470844094 (alk. paper) |
| 040 ## - CATALOGING SOURCE | |
| Transcribing agency | Nust |
| 082 00 - DEWEY DECIMAL CLASSIFICATION NUMBER | |
| Classification number | 910.58,APP |
| 245 00 - TITLE STATEMENT | |
| Title | Applied GIS and spatial analysis / |
| Statement of responsibility, etc. | editors, John Stillwell, Graham Clarke. |
| 260 ## - PUBLICATION, DISTRIBUTION, ETC. | |
| Place of publication, distribution, etc. | Chichester, West Sussex, England ; |
| -- | Hoboken, NJ : |
| Name of publisher, distributor, etc. | Wiley, |
| Date of publication, distribution, etc. | c2004. |
| 300 ## - PHYSICAL DESCRIPTION | |
| Extent | xi, 406 p. : |
| Other physical details | ill., maps ; |
| Dimensions | 26 cm. |
| 505 ## - FORMATTED CONTENTS NOTE | |
| Formatted contents note | Part 1: Geobusiness (Page-9), Part 2: Social Deprivation (Page-87), Part 3: Transport and Location (Page-169), Part 4: National Spatial Planning (Page-257). |
| 650 #0 - SUBJECT ADDED ENTRY--TOPICAL TERM | |
| Topical term or geographic name entry element | Geographic information systems. |
| 9 (RLIN) | 6117 |
| 650 #0 - SUBJECT ADDED ENTRY--TOPICAL TERM | |
| Topical term or geographic name entry element | Spatial analysis (Statistics) |
| 9 (RLIN) | 20641 |
| 700 1# - ADDED ENTRY--PERSONAL NAME | |
| Personal name | Clarke, Graham, |
| Dates associated with a name | 1960- |
| 9 (RLIN) | 107790 |
| 700 1# - ADDED ENTRY--PERSONAL NAME | |
| Personal name | Stillwell, John C. H. |
| Dates associated with a name | 1952- |
| 9 (RLIN) | 107791 |
| 856 42 - ELECTRONIC LOCATION AND ACCESS | |
| Materials specified | Publisher description |
| Uniform Resource Identifier | <a href="http://www.loc.gov/catdir/description/wiley041/2003049478.html">http://www.loc.gov/catdir/description/wiley041/2003049478.html</a> |
| 856 42 - ELECTRONIC LOCATION AND ACCESS | |
| Materials specified | Table of contents |
| Uniform Resource Identifier | <a href="http://www.loc.gov/catdir/toc/wiley041/2003049478.html">http://www.loc.gov/catdir/toc/wiley041/2003049478.html</a> |
| 942 ## - ADDED ENTRY ELEMENTS (KOHA) | |
| Source of classification or shelving scheme | |
| Koha item type | Book |
| Withdrawn status | Lost status | Source of classification or shelving scheme | Damaged status | Not for loan | Permanent Location | Current Location | Shelving location | Date acquired | Full call number | Barcode | Date last seen | Price effective from | Koha item type | Public note |
|---|---|---|---|---|---|---|---|---|---|---|---|---|---|---|
| Military College of Signals (MCS) | Military College of Signals (MCS) | General Stacks | 12/12/2016 | 910.58,APP | MCS31161 | 12/08/2016 | 12/12/2016 | Book | Almirah No.58, Shelf No.6 |
